Statistics for Animals A-Z #1

Click here to take the quiz!

General Stats

  • This quiz has been taken 69,280 times
  • The average score is 22 of 25

Answer Stats

DescriptionAnimal% Correct
EHeaviest land animalElephant
97%
GTallest land animalGiraffe
97%
LThe king of the jungleLion
97%
KHopping, boxing Australian animalKangaroo
96%
OSea creature with eight tentaclesOctopus
95%
UMythical horse with a single hornUnicorn
95%
ZStriped African mammalZebra
95%
CFastest land animalCheetah
93%
RPullers of Santa's sleighReindeer
93%
H"Laughing" dog-like animalHyena
91%
JLargest wild cat in the AmericasJaguar
91%
SNut-hiding rodentSquirrel
91%
F"Ribbit"Frog
90%
I5-6 foot lizard common
in Latin America
Iguana
87%
VBald bird known for scavenging carcassesVulture
85%
BFlying mammalBat
84%
DWild dog of AustraliaDingo
84%
TWood-eating insectsTermite
82%
PLarge rodent protected by sharp quillsPorcupine
80%
WNorthern marine mammal with
tusks and whiskers
Walrus
80%
YHairy cattle-like animal of the HimalayasYak
78%
QGame bird with tasty eggsQuail
77%
NArctic whale. Males have a single long tuskNarwhal
74%
MSea cowManatee
72%
AFirst animal in the dictionaryAardvark
70%

Score Distribution

Percentile by Number Answered

Percent of People with Each Score

Your Score History

You have not taken this quiz